000 00823nam a22002535i 4500
001 11009
003 ES-MaACL
005 20250808062709.0
007 t|
008 941115s1994 sp ||||0| spa j
017 _aM 8415-1994
020 _a84-7914-123-9
040 _aM-BN
_bspa
_cM-BN
080 _a248.1
100 1 _aCabodevilla, José María.
_933240
245 1 0 _aHacerse como niños
_b: necesidad para los sabios y escándalo para los justos /
_cJosé María Cabodevilla.
260 _aMadrid :
_bBiblioteca de Autores Cristianos,
_c1994.
300 _a304 p., 1 h. ;
_c20 cm.
490 1 _aBiblioteca de autores cristianos ;
_v538
650 1 7 _aVida cristiana
_2embne
_917790
830 0 0 _aBiblioteca de autores cristianos
_v538
_9178679
852 _aES-MaACL
_jJ-525
_9R.46092
999 _c11009
_d11009